Merindades Reyno de Navarra (1234-1407) - Estadísticas

Estadísticas generales
  • Esta prueba ha sido intentada 24 veces
  • La puntuación promedio es 4 de 5
Respuestas en el mapa
Las respuestas están codificadas por una escala verde-roja en el mapa de la prueba según el % correcto abajo.
 
Estadísticas de respuestas
Respuesta % Correcto
Merindad de Tudela / Ribera
94%
Merindad de Pamplona / Montaña
82%
Merindad de Estella
76%
Merindad de Sangüesa
76%
Merindad de Ultrapuertos
35%
No se encontraron pruebas coincidentes
Distribución de puntuación
Porcentaje de gente con cada puntuación
Porcentaje por número respondido
Historial de tus puntuaciones
No has intentado esta prueba.